000 00775nam a2200241 i 4500
001 17422
003 ES-MaACL
005 20260617125143.0
007 t|
008 010305s1999 sp ||||1| spa d
020 _a84-7490-284-3
080 _a821.133.1-23"19"
100 _aClaudel, Paul,
_d1868-1955
_9239252
245 1 3 _aEl zapato de raso
_b: obra en tres jornadas divididas en treinta y cinco cuadros con un epílogo /
_cPaul Claudel ; [traducción, Antonio Gala].
260 _aMadrid :
_bEncuentro,
_c1999.
300 _a143 p. ;
_c21 cm.
490 1 _aCreación literaria ;
_v4
700 1 _aGala, Antonio,
_d1936-2023
_9226511
830 0 _aCreación literaria ;
_v4
_9178462
852 _aES-MaACL
_jL-24387
_bR.129512
942 _2udc
999 _c17422
_d17422